| 000 | 01127nam a22002657a 4500 | ||
|---|---|---|---|
| 001 | 8275 | ||
| 003 | FISKH | ||
| 005 | 20250908100648.0 | ||
| 008 | 250908b cb ||||| |||| 00| 0 eng d | ||
| 020 | _a9780545344746 | ||
| 040 |
_aFISKH _beng _cFISKH _dFISKH |
||
| 050 | _aPN6727.S79 S38 | ||
| 082 | _a741.5973 | ||
| 100 | _aSturm, James | ||
| 245 |
_aSatchel Paige : _bStriking out Jim Crow / _cby James Sturm & Rich Tommaso with an introduction by Gerald Early |
||
| 260 |
_aNew York : _bScholastic , _c2007. |
||
| 300 |
_a89 pages : _bcolor illustrations ; _c25 cm . |
||
| 490 | _aThe Center for Cartoon Studies Presents | ||
| 520 | _aSatchel Paige began his baseball career in the Negro Leagues in Alabama in the 1920s. For years, Jim Crow laws, which segregated blacks and whites, kept him out of the major leagues. But they couldn't stop him from becoming a world-class athlete. This is a fictionalized account of a real-life sports hero. | ||
| 650 |
_aCivil Rights Movement _vComic books |
||
| 650 |
_a1906-1982 _vComic books |
||
| 700 |
_aEarly, Gerald _eIllustrator |
||
| 942 |
_2ddc _cBK _n0 |
||
| 999 |
_c8275 _d8275 |
||